Zber a poskytovanie informácii zo senzorov

Saved in:
Bibliographic Details
Main Author: Kelemen, Tomáš (Author)
Other Authors: Marček, Stanislav (Thesis advisor)
Format: Manuscript Book
Language:Slovak
Published: 2017
Subjects:
Online Access:http://is.stuba.sk/zp/portal_zp.pl?podrobnosti=127391
Tags: Add Tag
No Tags, Be the first to tag this record!

MARC

LEADER 00000ntm a22000003a 4500
001 stuzp60954
003 SK-STU
005 20170629142204.2
007 ta
008 150427s2015----xo-----f-mn---000-0-slo-d
040 |a STU  |b slo 
041 0 |a slo 
044 |a xo 
100 1 |a Kelemen, Tomáš  |u 035000  |4 aut  |U FEI Fakulta elektrotechniky a informatiky  |T FEI Ústav informatiky a matematiky  |X 8784  |U E050  |Y 816  |7 8784 
242 0 1 |a Collecting data and providing information from IoT sensors  |y eng 
245 1 0 |a Zber a poskytovanie informácii zo senzorov 
260 |c 2017 
300 |a 69 s.,  |b CD-ROM 
650 4 |a Arduino  |2 slo 
650 4 |a OLAP  |2 slo 
650 4 |a IoT  |2 slo 
650 4 |a zber údajov  |2 slo 
650 4 |a IoT  |2 eng 
650 4 |a collecting data  |2 eng 
650 4 |a OLAP  |2 eng 
650 4 |a Arduino  |2 eng 
700 1 |a Marček, Stanislav  |u 035000  |k Z1  |4 ths  |U FEI Fakulta elektrotechniky a informatiky  |T FEI Ústav informatiky a matematiky  |X 27068  |U E050  |Y 816  |7 A000027068 
856 4 |u http://is.stuba.sk/zp/portal_zp.pl?podrobnosti=127391 
996 |b 284EP11684  |c E*DIPL- 11684  |l EE35  |s P  |a 0  |w stuzp60954_0001